Responses for Show #939 - Thursday, October 6, 1988

Contestants

[<< previous game]

Jeff Mayhew, an attorney from Newport Beach, California

Gladys Brass, a high school librarian from Pilesville, Maryland

Gail Hoffman, an associate manager originally from Ridgefield, New Jersey (whose 2-day cash winnings total $15,801)

[next game >>]

Jeopardy! Round responses

MUSICAL INSTRUMENTS
FANCY FOODS
MULTIPLE CHOICE
FAMOUS PAINTINGS
ICE HOCKEY
TELEVISION!
    $100 1
trumpets

Gladys
    $100 2
(Jeff: What is pâté foie?)
(Gladys: What is pâté foie gras?)
...
(Alex: Both of you added an unnecessary word. It's not the pâté. foie gras. Foie is liver. Gras is fat. Gladys, we go back to you)

foie gras

GladysJeff
Triple Stumper
    $100 3
(Clement) Moore

Gail
    $100 20
The Last Supper

Gail
    $100 9
(Wayne) Gretzky

Jeff
    $100 4
That's Incredible!

Gladys
    $200 11
the vibraphone

Triple Stumper
    $200 15
steak tartare

Gladys
    $200 16
Demi (Moore)

Gail
    $200 30
Spain

Gladys
    $200 10
Canada

Gail
    $200 5
Gimme a Break!

Triple Stumper
    $300 12
(Gail: What's a violin?)

the recorder

Gail
Triple Stumper
    $300 21
lemon juice

Triple Stumper
    $300 17
(Alex: He didn't keep it, though.)

$240,000

Gladys
    $300 27
Van Gogh

Gail
    $300 23
3

Jeff
    $300 6
Mystery!

Gail
    $400 13
drums

Gail
    $400 22
poached

Jeff
    $400 18
Roman numerals

Triple Stumper
    $300 28
ballerinas

Gail
    $400 24
a hat trick

Gail
    $400 7
Shazam!

Triple Stumper
    $500 14
(Gladys: What are the frets?)

the tuning pegs

Gladys
Triple Stumper
    $500 25
(Gladys: What is Florentine?)

oysters Rockefeller

Gladys
Triple Stumper
    $500 19
Rolodex

Gladys
    $500 29
Aristotle

Gladys
    $500 26
(Alex: And we've got less than a minute to go.)

Gordie Howe

Jeff
    $500 8
Emergency!

Jeff

Scores at the first commercial break (after clue 11):

Gail Gladys Jeff
$600 $100 $500

Scores at the end of the Jeopardy! Round:

Gail Gladys Jeff
$2,000 $800 $1,700

Double Jeopardy! Round responses

19TH CENTURY AMERICA
GAMES
MATHEMATICS
4-SYLLABLE WORDS
RHODE ISLAND
NOSEY "PARKER"s
    $200 1
the Red Cross

Gail
    $200 4
dice

Gladys
    $200 2
divisions

Gail
    $200 22
Alabama

Gail
    $200 9
(Jeff: What is the [*] Jazz Festival?)

Newport

Jeff
    $200 17
the Parker Brothers

Gladys
    $400 10
Philadelphia

Jeff
    $400 5
bridge

Jeff
    $400 3
a barn

Gladys
    $400 23
seismology

Jeff
    $400 18
Fess Parker

Gail
    $600 11
the Whigs

Gail
    $600 6
a three-legged race

Gail
    $600 7
a tangent

Gail
    $600 24
(Jeff: What is, uh, Bob?)
[Laughter]

Elizabeth

GailJeff
    $600 19
Bonnie Parker

Gladys
    $800 12
Antonio López de Santa Anna

Triple Stumper
    $800 14
(Gladys: I was going to say square dancing, but that's not a game.)

bingo

Gladys
Triple Stumper
    $800 8
S-I-N-E

Gladys
    $800 25
(Alex: And we've got a minute to go.)

Eisenhower

Jeff
    $800 20
Jameson Parker

Jeff
    $2,000 16
(Andrew) Jackson

Gladys
    $1000 15
India

Gladys
    $1000 13
(Jeff: Who is Copernicus?)

Newton (or von Leibniz)

GladysJeff
    $2,000 26
(Jeff: What is, um, Evergreen?)
[The end-of-round signal sounds.]

Mahogany

Jeff
    $1000 21
Parker Stevenson

Jeff

Scores at the end of the Double Jeopardy! Round:

Gail Gladys Jeff
$5,400 $6,200 $2,100

[wagering suggestions for these scores]

Final Jeopardy! Round responses

THE CABINET
JeffWhat is the Transportation Dept?
$2,098
GailWhat is the Dept of Defen
$5,399
GladysWhat is the Dept of Interior
$4,601
the Department of Commerce

Final scores:

Gail Gladys Jeff
$1 $1,599 $2
3rd place: Lucien Piccard his & hers watches New champion: $1,599 2nd place: La-Z-Boy sofa + St. Michel serigraph by Mark King courtesy Martin Lawrence Galleries

Game dynamics:

Coryat scores:

Gail Gladys Jeff
$5,500 $5,200 $4,100
17 R
(including 1 DD),
1 W
15 R
(including 1 DD),
4 W
12 R,
4 W
(including 1 DD)

Combined Coryat: $14,800

[game clues] [game scores] [suggest correction]

Game tape date: 1988-07-26
The J! Archive is created by fans, for fans. Scraping, republication, monetization, and malicious use prohibited; this site may use cookies and collect identifying information. See terms. The Jeopardy! game show and all elements thereof, including but not limited to copyright and trademark thereto, are the property of Jeopardy Productions, Inc. and are protected under law. This website is not affiliated with, sponsored by, or operated by Jeopardy Productions, Inc. Join the discussion at JBoard.tv.